00671nam a2200181 i 450000100060000000300090000600500170001500700030003200800410003510000270007624501100010326000340021330000300024770000410027785200320031899900170035095201220036726909ES-MaACL20230906153525.0t|030113s1965 sp ||||1| spa d1 aAschen, Robert.92353914aLas medidas fundamentales en televisión / cRobert Aschen ; [traducida por Manuel Sagardía Valcarce]. aMadrid : bParaninfo, c1965. a136 p. : bil. ; c22 cm.1 aSagardía Valcarce, Manuel.9101404 aES-MaACLjC-27965 bR.57318 c26909d26909 00104070aATENEOMbATENEOMcDEPO2d2008-01-17eSCl0oC-27965p1027776r2023-02-23 00:00:00w2023-02-23yMONOGRAFIA